000 00451nam a2200181Ia 4500
001 25136
005 20260414151130.0
008 260414t2012||||xx |||||||||||||| ||spa||
041 _aESP
082 _a346.2
_bP72
100 _aPoder Judicial del Perú
_eAUT
245 0 _aLibro de especialización en derecho de familia
_b
260 _c2012
300 _a275 páginas :
_c24 cm.
650 _aDER
654 _aCDE
942 _cLIB
_dJUS
_fJUS
_2ddc
_n
999 _c25136
_d25136